<?xml version="1.0" encoding="UTF-8"?><collection xmlns="info:lc/xmlns/marcxchange-v2"><record format="Unimarc" type="bibliographic"><leader>00792nam  2200229   450 </leader><controlfield tag="001">2689853</controlfield><controlfield tag="003">http://id.bnportugal.gov.pt/bib/porbase/2689853</controlfield><controlfield tag="005">20150430112038.0</controlfield><datafield ind1=" " ind2=" " tag="010"><subfield code="a">90-04-12624-4</subfield></datafield><datafield ind1=" " ind2=" " tag="035"><subfield code="a">iict005_bc.iso/17-11-2015/20059</subfield></datafield><datafield ind1=" " ind2=" " tag="035"><subfield code="a">0020059</subfield></datafield><datafield ind1=" " ind2=" " tag="100"><subfield code="a">20091029d2003    k  y0porb0103    ba</subfield></datafield><datafield ind1="0" ind2=" " tag="101"><subfield code="a">eng</subfield></datafield><datafield ind1=" " ind2=" " tag="102"><subfield code="a">NL</subfield><subfield code="a">US</subfield></datafield><datafield ind1="1" ind2=" " tag="200"><subfield code="a">Rethinking resistance</subfield><subfield code="e">revolt and violence in African history</subfield><subfield code="f">ed. Jon Abbink, Mirjam de Bruijn, Klaas Van Walraven</subfield></datafield><datafield ind1=" " ind2=" " tag="210"><subfield code="a">Leiden [etc.]</subfield><subfield code="c">Brill</subfield><subfield code="d">2003</subfield></datafield><datafield ind1=" " ind2=" " tag="215"><subfield code="a">X, 368 p.</subfield><subfield code="c">il.</subfield><subfield code="d">24 cm</subfield></datafield><datafield ind1="2" ind2=" " tag="225"><subfield code="a">African dynamics</subfield><subfield code="v">2</subfield><subfield code="x">ISSN 1568-1777</subfield></datafield><datafield ind1=" " ind2=" " tag="675"><subfield code="a">323.1/.2+325.83/.86(6)(091)</subfield><subfield code="v">BN</subfield><subfield code="z">por</subfield></datafield><datafield ind1=" " ind2="1" tag="702"><subfield code="4">340</subfield><subfield code="a">Abbink</subfield><subfield code="b">Jon</subfield></datafield><datafield ind1=" " ind2="1" tag="702"><subfield code="4">340</subfield><subfield code="a">Bruijn</subfield><subfield code="b">Mirjam de</subfield><subfield code="f">1962-</subfield></datafield><datafield ind1=" " ind2="1" tag="702"><subfield code="4">340</subfield><subfield code="a">Walraven</subfield><subfield code="b">Klaas van</subfield><subfield code="f">1958-</subfield></datafield><datafield ind1=" " ind2="0" tag="801"><subfield code="a">PT</subfield><subfield code="b">IICT</subfield><subfield code="c">20091029</subfield><subfield code="g">RPC</subfield></datafield></record></collection>